Tractatus absolutissimus de credito (Record no. 8671)

MARC details
000 -CABECERA
campo de control de longitud fija 00911nam a2200229 a 4500
001 - NÚMERO DE CONTROL
campo de control BRCA_9020
005 - FECHA Y HORA DE LA ÚLTIMA TRANSACCIÓN
campo de control 20190320210509.0
008 - DATOS DE LONGITUD FIJA--INFORMACIÓN GENERAL
campo de control de longitud fija 240717s1661----it-#######---#000-0#lat-#
041 ## - CÓDIGO DE LENGUA
Código de lengua del texto/banda sonora o título independiente lat
044 ## - CÓDIGO DEL PAÍS DE LA ENTIDAD EDITORA/PRODUCTORA
Código MARC del país it
084 ## - OTRO NÚMERO DE CLASIFICACIÓN
Número de clasificación LM58
Número de documento/Ítem .G35 1661
100 1# - ENTRADA PRINCIPAL--NOMBRE DE PERSONA
Nombre de persona Gaito, Johannes Dominicus
9 (RLIN) 22367
245 10 - MENCIÓN DE TÍTULO
Título Tractatus absolutissimus de credito
Resto del título ex libris, epistolis, cambiis, apocis...:in quatuor principaliora capita distinctus
Mención de responsabilidad, etc. Ioanne Dominico Gaito à Florinensibus Neapolitano I.C. praeclarissimo authore...
260 ## - PUBLICACIÓN, DISTRIBUCIÓN, ETC.
Lugar de publicación, distribución, etc. Venetiis
Nombre del editor, distribuidor, etc. Apvd Ivntas
Fecha de publicación, distribución, etc. 1661
300 ## - DESCRIPCIÓN FÍSICA
Extensión 511 p.
Dimensiones 32.5 x 22.5 cm
500 ## - NOTA GENERAL
Nota general Cvm licentia svperiorvm, et privilegio
500 ## - NOTA GENERAL
Nota general Estado físico: presenta encuadernación en pergamino y portada a dos tintas
650 14 - PUNTO DE ACCESO ADICIONAL DE MATERIA--TÉRMINO DE MATERIA
Término de materia o nombre geográfico como elemento de entrada Crédito
Subdivisión cronológica Obras anteriores a 1800
9 (RLIN) 22368
650 14 - PUNTO DE ACCESO ADICIONAL DE MATERIA--TÉRMINO DE MATERIA
Término de materia o nombre geográfico como elemento de entrada Derecho mercantil (Derecho romano)
Subdivisión cronológica Obras anteriores a 1800
9 (RLIN) 22369
902 ## - CATALOGADOR
Iniciales CFM
942 ## - ELEMENTOS DE PUNTO DE ACCESO ADICIONAL (KOHA)
Fuente del sistema de clasificación o colocación Library of Congress Classification
Tipo de ítem Koha Libros
Holdings
Estado de retiro Estado de pérdida Estado dañado No para préstamo Localización permanente Ubicación/localización actual Fecha de adquisición Total de préstamos Signatura topográfica completa Código de barras Fecha visto por última vez Precio válido a partir de Tipo de ítem Koha
El ejemplar forma parte de la colección y puede ser consultado según las políticas vigentes.       Biblioteca del Museo Franz Mayer (Rogerio Casas-Alatriste) Biblioteca del Museo Franz Mayer (Rogerio Casas-Alatriste) 24/07/2017   LM58 .G35 1661 CFM00291 22/03/2019 22/03/2019 Libros